1502 1422 1903 1491 1063 1762 1453 1896 1897 1021 1085 1303 1813 1073 1620 1070 1725 1874 1493 1239 1153 1600 1717 1191 1058 1046 1153 1355 1923 1987 1203 1665 1549 1555 1904 1598 1795 1662 1694 1124 1065 1896 1520 1185 1679 1986 1229 1810 1188 1821 1159 1147 1616 1465 1662 1062 1760 1947 1208 1723 1303 1771 1357 1311 1946 1637 1549 1058 1594 1475 1112 1983 1496 1152 1061 1592 1582 1898 1944 1485 1339 1994 1907 1054 1575 1757 1067 1560 1669 1267 1587 1094 1222 1109 1200 1054 1717 1428 1099 BCNSPRNW ULIB Ver.6.0+V

เปลี่ยนเป็นภาษาไทย

Change to English
 แสดงรายละเอียดบรรณานุกรม
  กลับหน้าหลัก

Brief Record : Get Marc (ISO 2709) : E-mail record : QR code < ปิดหน้าต่าง
LEADER : 00000nam 2200000uu 4500
001    13399127650
003     ULIB
008    210311s2562||||th 000 0 tha d
020 ^  ^a9786160035540
050 ^  ^aนว^bส866จ
100 0  ^aสุริยาทิศ
245 1  ^aจูบนั้นตลอดกาล /^cสุริยาทิศ
250 ^  ^aพิมพ์ครั้งที่ 1.
260 ^  ^aกรุงเทพฯ :^bพิมพ์คำ,^c2562.
300 ^  ^a436 หน้า ;^c21 ซม.
490 0  ^aจุมพิตรัตติกาล
945    ^p300^l0^i007999
999    ^aประนอม เกษจรัล
รายการนี้ยังไม่มีแท็ก
คุณยังไม่ได้ล็อกอิน คุณสามารถมีกิจกรรมร่วมกับเว็บไซต์ได้ แต่ต้องล็อกอินก่อน ::
  ล็อกอิน

รายการสื่อสารสนเทศ

ลำดับที่ ประเภท เลขเรียก/บาร์โค้ด สถานที่ สถานะ
1. นวนิยาย
นวนิยาย
นว ส866จ ฉ.1 
  Barcode: 007999
ห้องสมุดวิทยาเขตสวรรค์ประชารักษ์
►หนังสือทั่วไป
บนชั้น

รายการใกล้เคียง
    ผู้แต่ง [สุริยาทิศ]

BibComment


ยังไม่เคยถูกคอมเมนท์

คอมเมนท์ทรัพยากรรายการนี้
  คอมเมนท์: จูบนั้นตลอดกาล ..


 Copyright 2026. Bcnsprnw @Library